000 00909nam0a22002771 4500
001 RU\NLR\INFOCOMM_161\5000048382
005 20250613091909.0
035 _a(NLR Aleph) 009137264
090 _a8313866
_c8313866
100 _a20090914f19301939|||y0rusy50 ca
101 0 _ager
102 _aRU
105 _aa ||||000|y
200 1 _aDie praehistorische Archaeologie in der UdSSR
_fProf. B. L. Bogajewsky ...
210 _aLeningrad
_d[193?]
215 _a24 с.
_cил.
_d25 см
300 _aБез тит. л. и обл.
606 _aАрхеология
_2nlr_sh1
606 _aМатериальная культура
_xИстория
_yСССР
_2nlr_sh1
700 1 _9z02790
_aBogaevskij
_bB. L.
_f1882-1942
_gBoris Leonidovič
_4070
790 1 _9z02700
_aBogajewsky
_bB. L.
_4070
801 1 _aRU
_bNLR
_c20090914
801 0 _aRU
_bNLR
_gPSBO
852 _aNLR
_jD12/86
_y2 экз.
942 _cBOOK
980 _aNB